| 000 | 01049cam a2200301 i 4500 | ||
|---|---|---|---|
| 001 | 42152 | ||
| 003 | Mx-PuUPA | ||
| 005 | 20250611114144.0 | ||
| 008 | 140415s1944 mx a gr 001 0 spa d | ||
| 040 |
_aMx-PuUPA _bspa _cMx-PuUPA _dMx-PuUPA _erda |
||
| 041 | 0 | _aspa | |
| 043 | _an-mx--- | ||
| 100 | 1 |
_aLópez Ortega, J. Antonio, _eautor _917153 |
|
| 245 | 1 | 4 |
_aLas naciones extranjeras y la persecución religiosa / _cJ. Antonio López Ortega ; prólogo de Miguel Palomar y Vizcarra |
| 264 | 1 |
_aMéxico : _b[editor no identificado], _c1944 |
|
| 300 |
_a374 páginas ; _c17 cm |
||
| 336 |
_2rdacontent _atexto _btxt |
||
| 337 |
_2rdamedia _asin medio _bn |
||
| 338 |
_2rdacarrier _avolumen _bnc |
||
| 650 | 7 |
_2armarc _aCristeros _xRevolución de |
|
| 650 | 7 |
_2armarc _aPersecución _zMéxico |
|
| 650 | 7 |
_2armarc _aCatólicos _zMéxico |
|
| 650 | 7 |
_2armarc _aIglesia y estado _zMéxico |
|
| 700 | 1 |
_aPalomar y Vizcarra, Miguel, _eprologuista |
|
| 942 |
_2ddc _cLI _h972.0823 _iL86 |
||
| 999 |
_c42152 _d42152 |
||